| 000 | 00855nam a2200253 a 4500 | ||
|---|---|---|---|
| 003 | OSt | ||
| 005 | 20251119095222.0 | ||
| 008 | |||
| 020 | _a0471310190 (paperback.) | ||
| 040 |
_cNUST _aNUST _beng _dNUST _erda |
||
| 050 | _aTA460 COL | ||
| 100 | 1 | _aCollins, Jack A. | |
| 245 | 1 | 0 |
_aSolutions manual for failure of materials in mechanical design : _banalysis, prediction, prevention / _cJack A. Collins. |
| 250 | _aSecond edition | ||
| 260 |
_aNew York : _bJohn Wiley, _c©1993. |
||
| 300 |
_a534 pages. ; _c28 cm. _billustrations. |
||
| 336 |
_2rdacontent _atext _btxt |
||
| 337 |
_2rdamedia _aunmediated _bn |
||
| 338 |
_2rdacarrier _avolume _bnc |
||
| 504 | _a[ ] | ||
| 650 | 0 |
_aMaterials _xFracture. |
|
| 650 | 0 | _aMachine design. | |
| 942 |
_cBOOKS _kTA460 _mCOL _2lcc _eSecond edition _hTA460 COL _n0 |
||
| 999 |
_c156015 _d156015 |
||